000 02214cam a2200325 a 4500
001 7315763
003 ARRUPE
005 20130927134250.0
008 090323s2009 miuaf 001 0aeng
010 _a 2009012119
020 _a9780802863829 (cloth : alk. paper)
020 _a0802863825 (cloth : alk. paper)
024 _a99934453658
035 _a(OCoLC)ocn262878981
035 _a(NNC)7315763
040 _aDLC
_cDLC
_dBTCTA
_dYDXCP
_dC#P
_dBWX
_dGZD
_dB2A
_dOrLoB-B
043 _an-us-wi
050 0 0 _aBX4705.W3815
_bA3 2009
100 1 _aWeakland, Rembert.
_91634
245 1 2 _aA pilgrim in a pilgrim church :
_bmemoirs of a Catholic archbishop /
_cRembert G. Weakland.
260 _aGrand Rapids, Mich. :
_bWilliam B. Eerdmans Pub. Co.,
_c2009.
300 _axiii, 429 p., [16] p. of plates :
_bill. ;
_c24 cm.
505 0 0 _tPrologue: Broken and Re-glued --
_tMilwaukee, Wisconsin (May 2002) --
_g1.
_tInheriting Coal Dust in the Veins --
_tPatton, Pennsylvania (1927-1940) --
_g2.
_tThirsting for Knowledge --
_tSt. Vincent, Latrobe, Pennsylvania (1940-1948) --
_g3.
_tAbsorbing New Worlds --
_tRome (1948-1951) --
_g4.
_tExperiencing a Second Novitiate --
_tNew York-Milan (1952-1957) --
_g5.
_tTransitioning from Old Church to New --
_tSt. Vincent (1957-1963) --
_g6.
_tTesting Challenges of Leadership --
_tSt. Vincent (1963-1967) --
_g7.
_tAdjusting to the Eternal City --
_tRome (1967-1973) --
_g8.
_tTraveling the World Over --
_t(1967-1973) --
_g9.
_tApplying the Wisdom Learned --
_t(1973-1976) --
_g10.
_tMinistering in the Last Years of Pope Paul VI --
_tRome(1973-1977) --
_g11.
_tLearning to Be an Archbishop --
_tMilwaukee (1977-1983) --
_g12.
_tDrafting "Economic Justice for All" --
_t(1981-1986) --
_g13.
_tSorting Out Positions --
_tMilwaukee-Rome (1983-1988) --
_g14.
_tBalancing Conflicting Models of Church --
_tMilwaukee (1989-1996) --
_g15.
_tStruggling toward the Finish Line --
_tMilwaukee (1996-2002) --
_tEpilogue: Final Reflections.
600 1 0 _aWeakland, Rembert.
_91635
610 2 0 _aCatholic Church
_xClergy
_vBiography.
_91636
650 0 _aBishops
_zWisconsin
_zMilwaukee
_vBiography.
_91637
900 _bTOC
942 _2lcc
_cMONOGRAPH
948 1 _a20090825
_bc
_cks26
_dMPS
999 _c118135
_d118135